[Event "GER-chT School WK GS"]
[Site "Playchess.com INT"]
[Date "2020.06.11"]
[Round "2.3"]
[White "Reccius, Jacob"]
[Black "Bohlmann, Ben"]
[Result "1-0"]
[WhiteElo "1516"]
[BlackElo "1344"]
[PlyCount "115"]
[EventDate "2020.06.11"]
[EventType "team-swiss (blitz)"]
[EventRounds "7"]
[EventCountry "GER"]
[SourceTitle "EXT 2021"]
[Source "ChessBase"]
[SourceDate "2020.10.23"]
[SourceVersion "1"]
[SourceVersionDate "2020.10.23"]
[SourceQuality "1"]
[WhiteTeam "Hannover Wasserk NI"]
[BlackTeam "Lauerholz SHO"]
[WhiteTeamCountry "GER"]
[BlackTeamCountry "GER"]

1. e4 e5 2. Nf3 Nc6 3. Bc4 Nf6 4. d3 Bc5 5. 0-0 0-0 6. Nc3 Ng4 7. Nd2 d6 8. h3 Nf6 9. Nf3 Nd4 10. Nxd4 Bxd4 11. Ne2 Be6 12. Bxe6 fxe6 13. Nxd4 exd4 14. Bg5 h6 15. Bh4 g5 16. Bg3 e5 17. c3 c5 18. cxd4 cxd4 19. Qb3+ Kh8 20. Qxb7 Rb8 21. Qxa7 Rxb2 22. Qa3 Rb8 23. Rab1 h5 24. Rxb8 Qxb8 25. Qc1 Rg8 26. Qb1 Qxb1 27. Rxb1 h4 28. Bh2 Nh5 29. Rb6 Rg6 30. Bxe5+ Nf6 31. Rxd6 Kg7 32. Bxd4 Kf7 33. Bxf6 Rxf6 34. Rxf6+ Kxf6 35. g3 Ke5 36. gxh4 gxh4 37. Kf1 Kd4 38. Ke2 Ke5 39. Ke3 Kd6 40. f4 Ke6 41. d4 Kd6 42. d5 Ke7 43. e5 Ke8 44. Ke4 Kd7 45. f5 Ke7 46. e6 Kd6 47. f6 Kc7 48. Ke5 Kd8 49. d6 Ke8 50. e7 Kd7 51. f7 Kc6 52. Ke6 Kc5 53. d7 Kd4 54. d8Q+ Kc3 55. e8Q Kb2 56. f8Q Kxa2 57. Qb5 Ka1 58. Qa3# 1-0